1990 1561 1252 1183 1067 1179 1472 1508 1462 1020 1772 1000 1069 1389 1532 1693 1461 1808 1658 1405 1286 1011 1756 1081 1977 1246 1647 1379 1046 1272 1181 1100 1218 1356 1900 1602 1344 1944 1132 1317 1128 1858 1810 1493 1004 1436 1730 1828 1445 1824 1944 1531 1039 1388 1501 1282 1268 1405 1376 1935 1663 1565 1909 1339 1576 1699 1590 1809 1704 1802 1902 1834 1222 1248 1137 1979 1554 1191 1937 1816 1694 1033 1744 1914 1038 1653 1798 1110 1726 1619 1541 1662 1141 1558 1384 1591 1888 1362 1466 BCNSPRNW ULIB Ver.6.0+V

เปลี่ยนเป็นภาษาไทย

Change to English
 แสดงรายละเอียดบรรณานุกรม
  กลับหน้าหลัก

Brief Record : Get Marc (ISO 2709) : E-mail record : QR code < ปิดหน้าต่าง
LEADER : 00000nam 2200000uu 4500
001    13399122569
003     ULIB
008    130731s2546||||th 000 0 tha d
020    ^a9742962898
099 0  ^aวจ.WM165^bอ163ร
100 0  ^aอภิชัย มงคล
110 1  ^aกระทรวงสาธารณสุข^bโรงพยาบาลขอนแก่นจิตเวชนครินทร์
245 10 ^aรายงานผลการศึกษา ระบาดวิทยาของพฤติกรรมการทำร้ายตนเองและการฆ่าตัวตาย ปีการศึกษา พ.ศ.2545/^cอภิชัย มงคล และคณะ
250    ^aพิมพ์ครั้งที่ 1.
260    ^aขอนแก่น :^bโรงพยาบาลขอนแก่นจิตเวชนครินทร์,^c2546
300    ^a130หน้า : ^bตาราง ;^c29 ซ.ม.
520 1  ^aการวิจัยครั้งนี้มีวัตถุประสงค์เพื่อศึกษาการระบาดวิทยาของพฤติกรรมการทำร้ายตนเองและการฆ่าตัวตาย ปีการศึกษา พ.ศ.2545
650  4 ^aการฆ่าตัวตาย
650  4 ^aการทำร้ายตนเอง
700 0  ^aทวี ตั้งเสรี
700 0  ^aสุพิน พิมพ์เสน
700 0  ^aปัตพงษ์ เกษสมบูรณ์
700 0  ^aนุศราพร เกษสมบูรณ์
710 1  ^aกระทรวงสาธารณสุข^bโรงพยาบาลขอนแก่นจิตเวชนครินทร์
945    ^p0^l0^i20012
999    ^aทศพร เกษรทอง
รายการนี้ยังไม่มีแท็ก
คุณยังไม่ได้ล็อกอิน คุณสามารถมีกิจกรรมร่วมกับเว็บไซต์ได้ แต่ต้องล็อกอินก่อน ::
  ล็อกอิน

รายการสื่อสารสนเทศ

ลำดับที่ ประเภท เลขเรียก/บาร์โค้ด สถานที่ สถานะ
1. งานวิจัย
งานวิจัย
วจ.WM165 อ163ร ฉ.1 
  Barcode: 20012
ห้องสมุดวิทยาเขตสวรรค์ประชารักษ์
►วิจัย
บนชั้น

รายการใกล้เคียง
    ผู้แต่ง [อภิชัย มงคล]

    หัวเรื่อง [การฆ่าตัวตาย]

BibComment


ยังไม่เคยถูกคอมเมนท์

คอมเมนท์ทรัพยากรรายการนี้
  คอมเมนท์: รายงานผลการศึกษา..


 Copyright 2026. Bcnsprnw @Library